Les noms des pays dans d'autres langues - Statistiques

Statistiques générales
  • Ce quiz a été pris 23 fois
  • Le résultat moyen est 64 sur 292
Statistiques - réponses
Hint Réponse % Correct
Afrique du Sud Anglais South Africa
90%
Algérie Anglais | Italien Algeria
76%
Ethiopie Anglais Ethiopia
71%
Finlande Anglais Finland
67%
Allemagne Anglais Germany
67%
France Anglais France
62%
France Espagnol | Italien Francia
62%
Nouvelle-Zélande Anglais New Zealand
62%
Pologne Anglais Poland
62%
Belgique Anglais Belgium
57%
Allemagne Allemand Deutschland
57%
Pays-Bas Anglais Netherlands
57%
Chili Allemand | Anglais | Espagnol Chile
52%
France Allemand Frankreich
52%
Italie Espagnol | Italien Italia
52%
Italie Anglais Italy
52%
Japon Allemand | Anglais Japan
52%
Jordanie Anglais Jordan
52%
Jordanie Espagnol Jordania
52%
Kenya Anglais Kenya
52%
Qatar Espagnol | Italien Qatar
52%
Roumanie Anglais | Italien Romania
52%
Russie Anglais | Italien Russia
52%
Barbade Anglais | Espagnol | Italien Barbados
48%
Birmanie Espagnol | Italien Birmania
48%
Brésil Espagnol Brasil
48%
Grèce Anglais Greece
48%
Jamaïque Anglais | Espagnol Jamaica
48%
Mexique Anglais Mexico
48%
Mexique Espagnol México
48%
Maroc Anglais Morocco
48%
Slovaquie Anglais Slovakia
48%
Slovénie Anglais | Italien Slovenia
48%
Corée du Sud Anglais South Korea
48%
Espagne Anglais Spain
48%
Tunisie Anglais | Italien Tunisia
48%
Ukraine Allemand | Anglais Ukraine
48%
Royaume-Uni Anglais United Kingdom
48%
Brésil Anglais Brazil
43%
Comores Italien Comore
43%
Djibouti Anglais Djibouti
43%
Egypte Anglais Egypt
43%
Guinée équatoriale Anglais Equatorial Guinea
43%
Espagne Espagnol España
43%
Fidji Espagnol Fidji
43%
Hongrie Anglais Hungary
43%
Kazakhstan Anglais Kazakhstan
43%
Luxembourg Anglais Luxembourg
43%
Corée du Nord Anglais North Korea
43%
Arabie Saoudite Anglais Saudi Arabia
43%
Suède Anglais Sweden
43%
Turquie Anglais Turkey
43%
Etats Unis d'Amérique Anglais United States of America
43%
Botswana Anglais | Italien Botswana
38%
Tchad Anglais | Espagnol Chad
38%
Chypre Anglais Cyprus
38%
Fidji Anglais Fiji
38%
Côte d’Ivoire Anglais Ivory Coast
38%
Kirghizistan Italien Kirghizistan
38%
Lettonie Anglais Latvia
38%
Liban Anglais Lebanon
38%
Libye Anglais Libya
38%
Mozambique Anglais | Espagnol Mozambique
38%
Suisse Anglais Switzerland
38%
Cameroun Anglais Cameroon
33%
Danemark Allemand Dänemark
33%
Ethiopie Espagnol Etiopía
33%
Ethiopie Italien Etiopia
33%
Finlande Espagnol | Italien Finlandia
33%
Grèce Espagnol | Italien Grecia
33%
Japon Espagnol Japon
33%
Lettonie Italien Lettonia
33%
Libye Espagnol | Italien Libia
33%
Afrique du Sud Allemand Südafrika
33%
Allemagne Espagnol Alemania
29%
Cambodge Anglais Cambodia
29%
Cap vert Italien Capo verde
29%
Danemark Anglais Denmark
29%
Italie Allemand Italien
29%
Lituanie Anglais Lithuania
29%
Lituanie Espagnol | Italien Lituania
29%
Malaisie Allemand Malaysia
29%
Pologne Espagnol | Italien Polonia
29%
Belgique Espagnol Bélgica
24%
Bosnie-Herzégovine Espagnol Bosnia-Herzegovina
24%
Cap vert Espagnol Cabo verde
24%
Comores Anglais Comoros
24%
Allemagne Italien Germania
24%
Kenya Allemand | Espagnol | Italien Kenia
24%
Liban Espagnol Líbano
24%
Liban Italien Libano
24%
Luxembourg Allemand Luxemburg
24%
Maurice Allemand | Anglais | Italien Mauritius
24%
Sao Tomé-et-Principe Anglais Sao Tome and Principe
24%
Espagne Allemand Spanien
24%
Arabie Saoudite Allemand | Espagnol Arabia Saudí
19%
Belgique Allemand Belgien
19%
Jamaïque Allemand Jamaika
19%
Cameroun Allemand Kamerun
19%
Qatar Allemand Katar
19%
Lettonie Espagnol Letonia
19%
Libye Allemand Libyen
19%
Malaisie Anglais | Espagnol Malasia
19%
Mozambique Italien Mozambico
19%
Corée du Nord Allemand Nordkorea
19%
Nouvelle-Zélande Espagnol Nueva Zelanda
19%
Papouasie-Nouvelle-Guinée Anglais Papua New Guinea
19%
Qatar Anglais Quatar
19%
Corée du Sud Allemand Südkorea
19%
Tadjikistan Anglais Tajikistan
19%
Algérie Allemand Algerien
14%
Brésil Allemand brasilien
14%
Birmanie Allemand | Anglais Burma
14%
Cameroun Espagnol Camerún
14%
Cameroun Italien Camerun
14%
République centrafricaine Anglais Central African Republic
14%
Tchéquie Espagnol Chequia
14%
Tchad Italien Ciad
14%
Chili Italien Cile
14%
Tchéquie Anglais Czechia
14%
Timor oriental Anglais East Timor
14%
Etats Unis d'Amérique Espagnol Estados Unidos de América
14%
Jordanie Allemand Jordanien
14%
Pays-Bas Allemand Niederlande
14%
Russie Allemand Russland
14%
Saint-Christophe et Niévès Anglais Saint Kitts and Nevis
14%
Saint Vincent et les Grenadines Anglais Saint Vincent and the Grenadines
14%
Suisse Allemand Schweiz
14%
Espagne Italien Spagna
14%
Soudan-du-Sud Allemand Südsudan
14%
Suisse Italien Svizzera
14%
Tchad Allemand Tschad
14%
Turquie Espagnol Turquía
14%
Ukraine Italien Ucraina
14%
Hongrie Allemand Ungarn
14%
Emirats Arabes Unis Anglais United Arab Emirates
14%
Brésil Italien Brasile
10%
Cap vert Anglais Cape verde
10%
Tchéquie Italien Cechia
10%
Chypre Espagnol Chipre
10%
Chypre Italien Cipro
10%
Comores Espagnol Comoras
10%
Egypte Espagnol Egipto
10%
Grèce Allemand Griechenland
10%
Hongrie Espagnol Hungría
10%
Luxembourg Italien Lussemburgo
10%
Luxembourg Espagnol Luxemburgo
10%
Maurice Espagnol Mauricio
10%
Mexique Allemand Mexiko
10%
Nouvelle-Zélande Allemand Neuseeland
10%
Nouvelle-Zélande Italien Nuova Zelanda
10%
Timor oriental Allemand Osttimor
10%
Pays-Bas Espagnol Países Bajos
10%
Pologne Allemand Polen
10%
Roumanie Espagnol Rumanía
10%
Russie Espagnol Rusia
10%
Sao Tomé-et-Principe Italien São Tomé e Príncipe
10%
Sao Tomé-et-Principe Allemand São Tomé und Príncipe
10%
Afrique du Sud Espagnol Sudáfrica
10%
Afrique du Sud Italien Sudafrica
10%
Turquie Italien Turchia
10%
Ukraine Espagnol Ucrania
10%
Arabie Saoudite Italien Arabia Saudita
5%
Algérie Espagnol Argelia
5%
Barbade Allemand Barbaden
5%
Belgique Italien Belgio
5%
Botswana Allemand | Espagnol Botsuana
5%
Corée du Nord Italien Corea del Nord
5%
Corée du Nord Espagnol Corea del Norte
5%
Corée du Sud Italien Corea del Sud
5%
Corée du Sud Espagnol Corea del Sur
5%
Danemark Italien Danimarca
5%
Egypte Italien Egitto
5%
Emirats Arabes Unis Italien Emirati Arabi Uniti
5%
Slovaquie Espagnol Eslovaquia
5%
Fidji Italien Figi
5%
Finlande Allemand Finnland
5%
Jamaïque Italien Giamaica
5%
Japon Italien Giappone
5%
Djibouti Italien Gibuti
5%
Jordanie Italien Giordania
5%
Guinée équatoriale Italien Guinea Equatoriale
5%
Kirghizistan Allemand Kirgisistan
5%
Kirghizistan Anglais Kyrgyzstan
5%
Liban Allemand Libanon
5%
Malaisie Italien Malesia
5%
Maroc Italien Marocco
5%
Maroc Espagnol Marruecos
5%
Mexique Italien Messico
5%
Pays-Bas Italien Paesi Bassi
5%
Papouasie-Nouvelle-Guinée Allemand Papua-Neuguinea
5%
Papouasie-Nouvelle-Guinée Espagnol Papúa Nueva Guinea
5%
Papouasie-Nouvelle-Guinée Italien Papua Nuova Guinea
5%
Royaume-Uni Italien Regno Unito
5%
Roumanie Allemand Rumänien
5%
Saint-Christophe et Niévès Espagnol San Cristóbal y Nieves
5%
Suède Allemand Schweden
5%
Etats Unis d'Amérique Italien Stati Uniti d’America
5%
Suisse Espagnol Suiza
5%
Etats Unis d'Amérique Allemand Vereinigte Staaten von Amerika
5%
Chypre Allemand Zypern
5%
Egypte Allemand Ägypten
0%
Guinée équatoriale Allemand Äquatorialguinea
0%
Ethiopie Allemand Äthiopien
0%
Bosnie-Herzégovine Anglais Bosnia and Herzegovina
0%
Bosnie-Herzégovine Italien Bosnia ed Erzegovina
0%
Bosnie-Herzégovine Allemand Bosnien und Herzegowina
0%
Cambodge Italien Cambogia
0%
Cambodge Espagnol Camboya
0%
Côte d’Ivoire Italien Costa d’Avorio
0%
Côte d’Ivoire Espagnol Costa de Marfil
0%
Danemark Espagnol Dinamarca
0%
Djibouti Allemand Dschibuti
0%
Côte d’Ivoire Allemand Elfenbeinküste
0%
Emirats Arabes Unis Espagnol Emiratos Árabes Unidos
0%
Slovénie Espagnol Eslovenia
0%
Fidji Allemand Fidschi
0%
Guinée équatoriale Espagnol Guinea Ecuatorial
0%
Cambodge Allemand Kambodscha
0%
Cap vert Allemand Kap verde
0%
Kazakhstan Allemand Kasachstan
0%
Kazakhstan Kazajstán
0%
Kazakhstan Italien Kazakistan
0%
Kirghizistan Espagnol Kirguistán
0%
Comores Allemand Komoren
0%
Lettonie Allemand Lettland
0%
Lituanie Allemand Litauen
0%
Maroc Allemand Marokko
0%
Mozambique Allemand Mosambik
0%
Royaume-Uni Espagnol Reino Unido
0%
République centrafricaine Italien Repubblica Centrafricana
0%
République centrafricaine Espagnol República Centroafricana
0%
Saint-Christophe et Niévès Italien Saint Kitts e Nevis
0%
Saint-Christophe et Niévès Allemand Saint Kitts und Nevis
0%
Saint Vincent et les Grenadines Italien Saint Vincent e Grenadine
0%
Saint Vincent et les Grenadines Allemand Saint Vincent und die Grenadinen
0%
Sao Tomé-et-Principe Espagnol Santo Tomé y Príncipe
0%
Saint Vincent et les Grenadines Espagnol San vicente y granadinas
0%
Slovaquie Italien Slovacchia
0%
Slovaquie Allemand Slowakei
0%
Slovénie Allemand Slowenien
0%
Soudan-du-Sud Anglais southern sudan
0%
Soudan-du-Sud Espagnol Sudan del Sud
0%
Soudan-du-Sud Italien sudan meridionale
0%
Suède Espagnol Suecia
0%
Suède Italien Svezia
0%
Tadjikistan Allemand Tadschikistan
0%
Tadjikistan Italien Tagikistan
0%
Tunisie Espagnol Tanzania
0%
Tadjikistan Espagnol Tayikistán
0%
Timor oriental Italien Timor Est
0%
Timor oriental Espagnol Timor Oriental
0%
Tchéquie Allemand Tschechien
0%
Tunisie Allemand Tunesien
0%
Turquie Allemand Türkei
0%
Hongrie Italien Ungheria
0%
Emirats Arabes Unis Allemand Vereinigte Arabische Emirate
0%
Royaume-Uni Allemand Vereinigtes Königreich
0%
Djibouti Espagnol Yibuti
0%
République centrafricaine Allemand Zentralafrikanische Republik
0%
Aucun quiz correspondant
Distribution des résultats
% des personnes avec chaque résultat
Percentile par nombre de réponses
Votre historique - résultats
Vous n’avez pas pris ce quiz